| 000 | 00930nam a2200217 a 4500 | ||
|---|---|---|---|
| 001 | 000021459 | ||
| 005 | 20200930011332.0 | ||
| 008 | 100908s1985 dr a r 000 0 spa d | ||
| 040 |
_aDO-SdBNP _bspa _cBNPHU |
||
| 082 |
_a352.48 _bR426p, 1985 |
||
| 110 | 1 |
_aRepública Dominicana _bSecretariado Técnico de la Presidencia _bOficina Nacional de Presupuesto _932266 |
|
| 245 | 0 | _aPresupuesto de ingresos y ley de gastos públicos del Gobierno Central 1985. | |
| 260 |
_aSanto Domingo : _bSecretariado Técnico de la Presidencia, _c1985. |
||
| 300 |
_av. : _bil. ; _c28 cm. |
||
| 590 | _aInventariado, 2018/BT | ||
| 650 | 4 |
_aPresupuesto _zRepública Dominicana _97940 |
|
| 651 | 4 |
_zRepública Dominicana _aGastos Presupuestarios Públicos _y1972 _944755 |
|
| 650 | 4 |
_aHacienda pública _zRepública Dominicana _96562 |
|
| 650 | 4 |
_aPresupuesto _xLegislación _zRepública Dominicana _933735 |
|
| 910 | _aValidado. Control de calidad. MMOLINA | ||
| 999 |
_c20959 _d20959 |
||